000 00388 a2200157 4500
001 61428
020 _a8570565631
040 _cAnchieta - Pituba
100 _aNigro, Rogério Gonçalves
240 1 0 _aPelos caminhos do sangue
_lpor
245 1 0 _aPelos caminhos do sangue
300 _a47
362 0 _a1993
650 4 _aBIOLOGIA, CIÊNICAS DA VIDA (CIÊNCIAS NATURAIS)
942 _cBK
999 _c61428
_d61428